| 000 | 00423nam a2200097Ia 4500 | ||
|---|---|---|---|
| 008 | 180130s9999 xx 000 0 und d | ||
| 245 |
_cMurray, Lynne; Halligan, Sarah; Cooper, Peter _aEffects of postnatal depression on mother-infant interactions and child development |
||
| 260 | _c2014 | ||
| 300 | _aBook title: Blackwell handbook of infant development--Acession number C19029; pages 846-874 | ||
| 650 | _aINFANTS--DEVELOPMENT | ||
| 999 |
_c354050 _d354050 |
||